Recent advances in the development and germination of seeds
Guardat en:
| Autor principal: | |
|---|---|
| Format: | Llibre |
| Idioma: | anglès |
| Publicat: |
Nueva York
Plenum Press
1989
|
| Col·lecció: | NATO ASI Series, 187
|
| Matèries: | |
| Etiquetes: |
Afegir etiqueta
Sense etiquetes, Sigues el primer a etiquetar aquest registre!
|
MARC
| LEADER | 00000nam a2200000 a 4500 | ||
|---|---|---|---|
| 001 | UCL3794 | ||
| 003 | CL-VaPUC | ||
| 005 | 20220513074359.0 | ||
| 008 | 031212e19890000us 1 eng d | ||
| 020 | |a 0306435217 | ||
| 082 | 0 | 4 | |a 582.0467 |b TAY |2 21 |
| 100 | 1 | |a Taylorson, Raymond B |e author |9 620430 | |
| 245 | 1 | 0 | |a Recent advances in the development and germination of seeds |
| 260 | |a Nueva York |b Plenum Press |c 1989 | ||
| 300 | |a 295 p | ||
| 490 | 0 | |a NATO ASI Series, 187 | |
| 583 | |a last modification |c 20190822 03:47:50 |k Rodrigo Vera | ||
| 650 | 0 | 0 | |a Semillas |9 264396 |
| 650 | 0 | 0 | |a Genética |9 259443 |
| 650 | 0 | 0 | |a Germinación |9 316434 |
| 650 | 0 | 0 | |a Biología de las plantas |9 432723 |
| 942 | |c BK | ||
| 945 | |a cmena |d 20031212 00:00:00 | ||
| 546 | |a En Inglés | ||
| 536 | |a College of William and Mary | ||
| 518 | |p International Workshop on Seeds, 1, Williamsburg Va., august 6-11, 1989 | ||
| 999 | |c 383948 |d 383946 | ||
| 952 | |0 0 |1 0 |4 0 |6 582_046700000000000_TAY_1989 |7 0 |8 A |9 506280 |a BIBAGR |b BIBAGR |d 2020-01-23 |i 3974154 |o 582.0467 TAY 1989 |p 3974154 |r 2025-01-20 |w 2020-01-23 |y BK |k AGR | ||